Statistics for Platinum Jubilee Quiz #4

Click here to take the quiz!

General Stats

  • This quiz has been taken 14 times
  • The average score is 6 of 20

Answer Stats

HintAnswer% Correct
Who is the Queen's youngest child?Prince Edward
100%
How many great-grandchildren does the Queen have?12
71%
Where do the Royal Family traditionally spend Christmas?Sandringham, Norfolk
57%
Princess Anne and her daughter, Zara Tindall, have both competed in the Olympics in which sport?Equestrian
50%
What item of clothing, worn by the Queen, broke on her wedding day?Crown/Tiara
43%
In what century was Buckingham Palace built?18th
36%
What dog breed did the Queen invent?Dorgi
36%
Which actress has played Princess Margaret and the Queen Mother, each in
separate performances (a movie and a TV series)?
Helena Bonham Carter
36%
Where did King Edward V of England and his younger brother, Richard of
Shrewsbury meet their untimely death?
The Tower of London
36%
How many million people viewed the Queen's coronation?20
29%
Who would be on the throne now if Edward VIII didn't abdicate the throne in 1936?Elizabeth II
29%
What is the date of Diana's death?31st August 1997
21%
What is Meghan Markle's real first name?Rachel
14%
What year did the current royal family line emerge?1066
7%
What do many believe the Queen used to have a glass of every night?Champagne
7%
What movie is reportedly the Queen's favourite?Flash Gordon
7%
What bizarre gift was the Queen given by Brazil in 1968?Sloths
7%
What two royal traditions did Prince Charles and Princess Diana break at the birth of Prince William?Father witnessing the birth
0%
What two royal traditions did Prince Charles and Princess Diana break at the birth of Prince William?Giving birth at the hospital
0%
What did Prince Harry become in his 2003 gap year?Jackaroo/Cowboy
0%

Score Distribution

Percentile by Number Answered

Percent of People with Each Score

Your Score History

You have not taken this quiz